000 00732nam a22002417a 4500
999 _c377702
_d377702
001 91443
003 UA-OsUOA
005 20200324104929.0
007 ta
008 20121128b un ||||| |||| 00| 0 ukr d
040 _aUA-OsUOA
_bukr
_cUA-OsUOA
_dUA-OsUOA
041 _aukr
080 _a821.161.2
090 _a821.161.2
_bС50
100 _aСмілянський Л.
245 _aТвори в двох томах: Мужицький посол. Червоні троянди. Михайло Коцюбинський
_nт. 2
260 _aК.
_bДніпро
_c1964
300 _a331 с.
490 _vт. 2
650 7 _a82 Література. Літературознавство
_2UDC
942 _cBK
_2udc
955 _a3